000 01406nam0a22003491 4500
001 rc\2259821
005 20250623021437.0
035 _a(NLR Aleph) 006525830
090 _a6480145
_c6480145
100 _a20110826d1979 |||y0rusy50 ca
101 0 _arus
102 _aRU
105 _ay z |||cb
200 1 _aКотовцы
_eБиогр. очерки
_f[Ред.-сост. П.В. Герасименко и др.]
_gПод ред. А.С. Есауленко
210 _aКишинев
_cКартя Молдовеняскэ
_d1979
215 _a183 с.
_d20
606 _aСоветская Армия
_jСборники
_xИстория
_2psbo
606 _aГерои гражданской воины в СССР 1918-1920 гг.
_jСборники
_2psbo
606 _aИностранная военная интервенция и гражданская воина в СССР 1918-1920 гг.
_jСборники
_2psbo
686 _aТ3(2)722.781я43
_2rubbk
686 _aТ3(2)712.88я43
_2rubbk
686 _a63.3(2)712.8
_2rubbk
702 1 _aГерасименко
_bП.В.
_4340
_4220
702 1 _aЕсауленко
_bА.С.
_gАлександр Сергеевич
_4340
801 0 _aRU
_bNLR
_gpsbo
801 1 _aRU
_bELAR
_2rusmarc
852 _aNLR
_j80-3/2352
899 _aRuMoRGB
_jB 80-3/185
899 _aRuMoRGB
_jB 80-3/186
899 _aRuMoRGB
_jВО 688/179
942 _cBOOK
980 _aNB